Normal view
MARC view
- Reyes Santibañez, Manuela
Entry Nombre Personal
001 - NUMERO DE CONTROL
- campo de control: 47719
003 - IDENTIFICADOR DE NUMERO DE CONTROL
- campo de control: UPN
005 - FECHA Y HORA DE LA ÜLTIMA TRANSACCIÓN
- campo de control: 20231009161242.0
008 - DATOS DE LONGITUD FIJA
- campo de control de longitud fija: 230201|||az|nnaaan a aaa d
040 ## - FUENTE DE CATALOGACIÓN
- Agencia original de catalogación: MX-MxUPN
- Lenguaje de catalogación: spa
- Description conventions: rda
100 1# - ENCABEZAMIENTO - NOMBRE PERSONAL
- Nombre personal: Reyes Santibañez, Manuela
400 1# - VEÁSE - NOMBRE DE PERSONA
- Personal name: Santibañez, Manuela Reyes
400 1# - VEÁSE - NOMBRE DE PERSONA
- Personal name: Reyes, Manuela
670 ## - FUENTE EN LA QUE SE LOCALIZARON DATOS
- Cita de la fuente: Dillawalhal, 1996:
- Información localizada: página legal (Manuela Reyes Santibañez)
670 ## - FUENTE EN LA QUE SE LOCALIZARON DATOS
- Cita de la fuente: Dillawalhall : lengua zapoteca : Distrito de Villa Alta, Oaxaca : primero y segundo grados : lecturas, 1995:
- Información localizada: portada página legal (Manuela Reyes)
902 ## - CATALOGADOR
- Catalogador: VAGG/010223
